Southville International School and Colleges
Your cart is empty.
  • Cart
  • Lists
    Public lists Eva Luna New books Lux_list list_1
    Your lists Log in to create your own lists
  • Log in to your account
  • Your cookies
  • Search history
Southville International School and Colleges
  • Advanced search
  • Recent comments
  • Most popular
  • Libraries

Log in to your account

Log in with GOOGLE


If you do not have an external account, but do have a local account, you can still log in:

  1. Home
  2. MARC view: Your best life now :
Normal view MARC view ISBD view

Your best life now : (Record no. 344464)

[ view plain ]
MARC details
000 -LEADER
fixed length control field 00811nam a2200289Ia 4500
008 - FIXED-LENGTH DATA ELEMENTS--GENERAL INFORMATION
fixed length control field 171025s9999 xx 000 0 und d
020 ## - INTERNATIONAL STANDARD BOOK NUMBER
International Standard Book Number 9780892968343
050 ## - LIBRARY OF CONGRESS CALL NUMBER
Classification number 248.4
050 ## - LIBRARY OF CONGRESS CALL NUMBER
Item number O85 2004
100 ## - MAIN ENTRY--PERSONAL NAME
Personal name Osteen, Joel
245 ## - TITLE STATEMENT
Title Your best life now :
245 ## - TITLE STATEMENT
Remainder of title 7 steps to living at your full potential /
245 ## - TITLE STATEMENT
Statement of responsibility, etc by Joel Osteen.
250 ## - EDITION STATEMENT
Edition statement First edition
260 ## - PUBLICATION, DISTRIBUTION, ETC. (IMPRINT)
Place of publication, distribution, etc New York :
260 ## - PUBLICATION, DISTRIBUTION, ETC. (IMPRINT)
Name of publisher, distributor, etc Warner Faith,
260 ## - PUBLICATION, DISTRIBUTION, ETC. (IMPRINT)
Date of publication, distribution, etc 2004
300 ## - PHYSICAL DESCRIPTION
Extent xi, 399 pages :
300 ## - PHYSICAL DESCRIPTION
Other physical details illustrations ;
300 ## - PHYSICAL DESCRIPTION
Dimensions 17cm.
650 ## - SUBJECT ADDED ENTRY--TOPICAL TERM
Topical term or geographic name as entry element Self actualization (Psychology) --
650 ## - SUBJECT ADDED ENTRY--TOPICAL TERM
Topical term or geographic name as entry element Success --
650 ## - SUBJECT ADDED ENTRY--TOPICAL TERM
General subdivision Religious aspects -- Christianity.
650 ## - SUBJECT ADDED ENTRY--TOPICAL TERM
General subdivision Religious aspects -- Christianity.
700 ## - ADDED ENTRY--PERSONAL NAME
Personal name Title : Seven steps to living at your full potential.
700 ## - ADDED ENTRY--PERSONAL NAME
Personal name Title.
Holdings
Withdrawn status Lost status Damaged status Home library Current library Date acquired Total Checkouts Full call number Barcode Date last seen Price effective from Koha item type
      Stonyhurst Southville International School (Malarayat) Stonyhurst Southville International School (Malarayat) 10/25/2017   SHS 248.4 O85 2004 SSISM3517 10/25/2017 10/25/2017 Books

Your best life now :

APA

Osteen J., Title : Seven steps to living at your full potential & Title.Your best life now. New York: .

Chicago

Osteen Joel, Title : Seven steps to living at your full potential and Title.Your best life now. New York: .

Harvard

Osteen J., Title : Seven steps to living at your full potential and Title.Your best life now. New York: .

MLA

Osteen Joel, Title : Seven steps to living at your full potential and Title.New York: . .

  • Place hold
  • Print
  • Cite
  • Add to your cart (remove)
  • Save record
    BIBTEX Dublin Core MARCXML MARC (non-Unicode/MARC-8) MARC (Unicode/UTF-8) MARC (Unicode/UTF-8, Standard) MODS (XML) RIS
  • More searches
    Search for this title in:
    Other Libraries (WorldCat) Other Databases (Google Scholar) Online Stores (Bookfinder.com) Open Library (openlibrary.org)

Exporting to Dublin Core...

SOUTHVILLE LIBRARY

Southville International School and Colleges Library

1281 Tropical Ave. Cor. Luxembourg St., BF Homes International, Las Pinas City

Tel. No. 8256374 / 252358 Loc. 117/146

Powered by Koha